| 000 | 00469nab a2200145Ia 4500 | ||
|---|---|---|---|
| 003 | ES-SlBCS | ||
| 005 | 20210705211837.0 | ||
| 008 | 140529s1994 xxu||||| |||| 00| 0 por d | ||
| 041 | _apor | ||
| 100 | 1 |
_aCarvalho, José Mauricio de _9124654 |
|
| 245 | 0 | 0 |
_aRaízes da moral luso-brasileira _c José Mauricio de Carvalho |
| 650 | 0 | 4 |
_aMoral Luso Brasileña-Raíces _9210259 |
| 773 | 0 |
_tPresença Filosofica _gvol. 19, nº. 1-2, 1994, págs. 143-147 _wRev966 |
|
| 942 | _cAR | ||
| 999 |
_c602764 _d602764 |
||